[Event "Easter Tournament 2008"]
[Site "SchemingMind.com"]
[Date "2008.03.21"]
[Round "-"]
[White "mmccaffe"]
[Black "Shanks"]
[Result "1-0"]
[WhiteCountry "USA"]
[BlackCountry "ENG"]
[WhiteElo "1614"]
[WhiteRD "52"]
[BlackElo "1356"]
[BlackRD "63"]
[GameID "147047"]

1. e4 g6 2. d4 Bg7 3. Nc3 c6 4. Be3 a6 5. f3 Nf6 6. Qd2 d6 7. O-O-O O-O 8. g4 b5 9. h4 b4 10. Nce2 a5
11. h5 Qc7 12. hxg6 fxg6 13. Bh6 c5 14. Bxg7 Kxg7 15. Qh6+ Kf7 16. g5 Ng8 17. Qxh7+ Ke8 18. Qxg6+ Kd8 19. Nh3 c4 20. Nhf4 c3
21. Rh8 cxb2+ 22. Kb1 a4 23. Rxg8 Rxg8 24. Qxg8+ Kd7 25. Bh3+ Kc6 26. d5+ Kc5 27. Bxc8 Kb5 28. Qe8+ Ka5 29. Nd4 b3 30. Qb5#
1-0

[Event "Easter Tournament 2008"]
[Site "SchemingMind.com"]
[Date "2008.04.07"]
[Round "-"]
[White "marble"]
[Black "Shanks"]
[Result "1-0"]
[WhiteCountry "ENG"]
[BlackCountry "ENG"]
[WhiteElo "1679"]
[WhiteRD "56"]
[BlackElo "1356"]
[BlackRD "63"]
[GameID "149418"]

1. e4 d6 2. d4 g6 3. Nc3 a6 4. Nf3 Bg7 5. Be2 c6 6. h3 e6 7. O-O Ne7 8. a3 O-O 9. b4 b5 10. a4 bxa4
11. Nxa4 Qc7 12. Be3 Bb7 13. Qd2 Re8 14. Bh6 Bh8 15. c4 Nd7 16. c5 d5 17. exd5 cxd5 18. Bf4 e5 19. dxe5 Nxe5 20. Rfe1 Nxf3+
21. Bxf3 Qd8 22. Rac1 Bc6 23. Nb6 Ra7 24. Bg5 f6 25. Bf4 Bg7 26. Bd6 Nf5 27. Bf4 Rxe1+ 28. Rxe1 a5 29. Bg4 axb4 30. Qxb4 Re7
31. Ra1 Re4 32. Qd2 Bf8 33. Rc1 Ng7 34. Bf3 Re6 35. Qa2 Kh8 36. Rd1 Bxc5 37. Nxd5 g5 38. Nb4 Qb6 39. Nxc6 gxf4 40. Qa8+ Re8
41. Qa2 f5 42. Rf1 Bd6= 43. Na5 Qc7 44. Nc6 Bf8 45. Rc1 Qd6 46. Rd1 Qa3 47. Qf7 Qa4 48. Kh2 Ne6 49. Qxe8 Kg7 50. Qxe6 Qb5
51. Rd7+ Kh8 52. Qf7 Qc5 53. Qxh7#
1-0

[Event "Easter Tournament 2008"]
[Site "SchemingMind.com"]
[Date "2008.04.11"]
[Round "-"]
[White "marble"]
[Black "mmccaffe"]
[Result "1/2-1/2"]
[WhiteCountry "ENG"]
[BlackCountry "USA"]
[WhiteElo "1679"]
[WhiteRD "56"]
[BlackElo "1614"]
[BlackRD "52"]
[GameID "149419"]

1. e4 c5 2. Nf3 d6 3. d4 cxd4 4. Nxd4 Nf6 5. Nc3 e6 6. g4 h6 7. Rg1 Be7 8. Be3 Nc6 9. Qe2 a6 10. O-O-O Nxd4
11. Bxd4 b5 12. e5 dxe5 13. Bxe5 Qa5 14. Qf3 Ra7 15. Qc6+ Bd7 16. Qf3 b4 17. Bd4 Rc7 18. a3 bxc3 19. Bxc3 Qg5+ 20. Bd2 Qc5
21. Bd3 Bb5 22. Be3 Qc6 23. Qxc6+ Rxc6 24. Bxb5 axb5 25. h3 O-O 26. h4 Rfc8 27. c3 b4 28. axb4 Nd5 29. Bd2 Nxb4 30. Kb1 Nd5
31. f4 Rb8 32. b4 Rbc8 33. Kb2 Bd6 34. g5 Kh7 35. Rgf1 Rc4 36. h5 Bxf4 37. Bxf4 Nxf4 38. gxh6 gxh6 39. Rd7 Rf8 40. Kb3 Re4
41. c4 Re3+ 42. Ka4 Ra8+ 43. Kb5 e5 44. Rg1 Rb8+ 45. Kc6 Rxb4 46. Rxf7+=
1/2-1/2

[Event "Easter Tournament 2008"]
[Site "SchemingMind.com"]
[Date "2008.04.07"]
[Round "-"]
[White "Shanks"]
[Black "marble"]
[Result "0-1"]
[WhiteCountry "ENG"]
[BlackCountry "ENG"]
[WhiteElo "1453"]
[WhiteRD "74"]
[BlackElo "1644"]
[BlackRD "58"]
[GameID "149420"]

1. Nf3 c5 2. c4 g6 3. g3 Bg7 4. Bg2 e6 5. O-O Nc6 6. e3 Nf6 7. d3 O-O 8. Na3 a6 9. Nc2 b5 10. cxb5 axb5
11. e4 Re8 12. Be3 d6 13. Qd2 Ng4 14. h3 Nxe3 15. Nxe3 d5 16. exd5 exd5 17. a3 d4 18. Nc2 Na5 19. Rae1 Nb3 20. Rxe8+ Qxe8
21. Qd1 Bb7 22. Re1 Qd7 23. Rf1 c4 24. dxc4 d3 25. Nb4 bxc4 26. h4 Bxb2 27. Nh2 Bxg2 28. Kxg2 Bxa3 29. Na2 Bf8 30. Nc1 Ra1
31. Ng4 Qf5 32. Ne3 Qe4+ 33. Qf3 Qxf3+ 34. Kxf3 Nd2+ 35. Kg2 Nxf1 36. Nxc4 Rxc1 37. Ne5 d2 38. f4 d1=Q 39. Kh3 Ne3 40. g4 Qf1+
41. Kh2 Qg2#
0-1

[Event "Easter Tournament 2008"]
[Site "SchemingMind.com"]
[Date "2008.04.11"]
[Round "-"]
[White "mmccaffe"]
[Black "marble"]
[Result "0-1"]
[WhiteCountry "USA"]
[BlackCountry "ENG"]
[WhiteElo "1634"]
[WhiteRD "50"]
[BlackElo "1644"]
[BlackRD "58"]
[GameID "149421"]

1. e4 c5 2. Nf3 g6 3. d4 cxd4 4. Nxd4 Bg7 5. Nc3 Nc6 6. Nxc6 bxc6 7. Bc4 d6 8. O-O e6 9. Be3 Nf6 10. Qd2 O-O
11. Bb3 Ng4 12. Bg5 f6 13. Bh4 Qc7 14. Rad1 d5 15. h3 Qh2#
0-1

[Event "Easter Tournament 2008"]
[Site "SchemingMind.com"]
[Date "2008.05.09"]
[Round "-"]
[White "tacticrules"]
[Black "marble"]
[Result "0-1"]
[WhiteCountry "GER"]
[BlackCountry "ENG"]
[WhiteElo "1513"]
[WhiteRD "71"]
[BlackElo "1590"]
[BlackRD "56"]
[GameID "154083"]

1. e4 c5 2. Nf3 g6 3. d4 Bg7 4. Nc3 cxd4 5. Nxd4 Nc6 6. Be3 Nf6 7. Bc4 O-O 8. Bb3 d6 9. O-O a5 10. a3 e5
11. Nde2 Re8 12. Ng3 Be6 13. Qd2 Bxb3 14. cxb3 Ng4 15. Bg5 Bf6 16. Bxf6 Nxf6 17. Rac1 Nd4 18. Qd1 d5 19. exd5 Nxd5 20. Nge4 Nf4
21. g3 Nh3+ 22. Kg2 Qd7 23. Ne2 Qg4 24. Re1 Qxe4+ 25. f3 Nxf3
0-1

[Event "Easter Tournament 2008"]
[Site "SchemingMind.com"]
[Date "2008.05.08"]
[Round "-"]
[White "tacticrules"]
[Black "mmccaffe"]
[Result "1-0"]
[WhiteCountry "GER"]
[BlackCountry "USA"]
[WhiteElo "1530"]
[WhiteRD "71"]
[BlackElo "1634"]
[BlackRD "50"]
[GameID "154085"]

1. d4 Nf6 2. c4 c5 3. Nf3 g6 4. Nc3 Bg7 5. e3 O-O 6. Bd3 Nc6 7. O-O d5 8. h3 Bf5 9. Bxf5 gxf5 10. dxc5 dxc4
11. Qa4 Na5 12. Rd1 Qc7 13. Nb5
1-0

[Event "Easter Tournament 2008"]
[Site "SchemingMind.com"]
[Date "2008.05.09"]
[Round "-"]
[White "marble"]
[Black "tacticrules"]
[Result "1-0"]
[WhiteCountry "ENG"]
[BlackCountry "GER"]
[WhiteElo "1590"]
[WhiteRD "56"]
[BlackElo "1513"]
[BlackRD "71"]
[GameID "154086"]

1. e4 c6 2. d4 d5 3. Nc3 dxe4 4. Nxe4 Bf5 5. Ng3 Bg6 6. h4 h6 7. Nf3 Nf6 8. Ne5 Bh7 9. Bd3 Bxd3 10. Qxd3 e6
11. Bf4 Nbd7 12. O-O-O Be7 13. h5 Nd5 14. Ne2 Nxf4 15. Nxf4 Bg5 16. g3 Bxf4+ 17. gxf4 Nxe5 18. fxe5 Qa5 19. a3 Rd8 20. Qg3 O-O
21. Rhg1 g5 22. hxg6
1-0

[Event "Easter Tournament 2008"]
[Site "SchemingMind.com"]
[Date "2008.05.09"]
[Round "-"]
[White "mmccaffe"]
[Black "tacticrules"]
[Result "0-1"]
[WhiteCountry "USA"]
[BlackCountry "GER"]
[WhiteElo "1614"]
[WhiteRD "52"]
[BlackElo "1544"]
[BlackRD "67"]
[GameID "154088"]

1. c4 Nf6 2. Nc3 e5 3. g3 Nc6 4. Bg2 Bc5 5. Nf3 d6 6. O-O O-O 7. e3 Be6 8. b3 Qd7 9. d4 exd4 10. exd4 Bb4
11. Bb2 Bg4 12. Qc2 Rae8 13. d5 Ne5 14. Nxe5 dxe5 15. Rfe1 Bf5 16. Qd2 Bh3 17. a3 Bd6 18. b4 b6 19. Nb5 Bxg2 20. Kxg2 a6
21. Nxd6 cxd6 22. f4 exf4 23. Qxf4 Qg4 24. Bxf6 Qxf4 25. gxf4 gxf6 26. Kf2 f5 27. Rg1+ Kh8 28. Rg5 Re4 29. Rh5 Rxf4+
0-1

[Event "Easter Tournament 2008"]
[Site "SchemingMind.com"]
[Date "2008.05.09"]
[Round "-"]
[White "Quanah4"]
[Black "marble"]
[Result "0-1"]
[WhiteCountry "USA"]
[BlackCountry "ENG"]
[WhiteElo "1627"]
[WhiteRD "77"]
[BlackElo "1679"]
[BlackRD "56"]
[GameID "154228"]

1. d4 Nf6 2. c4 g6 3. e3 Bg7 4. Nc3 O-O 5. Nf3 c5 6. Qc2 cxd4 7. Nxd4 e5 8. Nf3 d6 9. Be2 Nc6 10. O-O Re8
11. b3 e4 12. Nd2 Nb4 13. Qb2 Bg4 14. a3 Bxe2 15. Nxe2 Nd3 16. Qc2 Rc8 17. f3 exf3 18. Nxf3 Nxc1 19. Raxc1 Rxe3 20. Nf4 Qb6
21. Rfd1 Re2+ 22. Kh1 Rxc2 23. Rxc2 Ng4 24. Rcd2 Qe3 25. Nd5 Qe8 26. h3 Nf6 27. Nc3 Nh5 28. Kh2 Bxc3 29. Rd3 Be5+ 30. Kg1 Qe6
31. Re1 Qf5 32. Rdd1 Qc2 33. b4 Nf4 34. Rd2 Qxc4 35. Rf1 Ne2+ 36. Kf2 Bg3+ 37. Ke3 Re8+
0-1

[Event "Easter Tournament 2008"]
[Site "SchemingMind.com"]
[Date "2008.05.10"]
[Round "-"]
[White "Quanah4"]
[Black "tacticrules"]
[Result "1-0"]
[WhiteCountry "USA"]
[BlackCountry "GER"]
[WhiteElo "1627"]
[WhiteRD "78"]
[BlackElo "1530"]
[BlackRD "71"]
[GameID "154229"]

1. d4 d5 2. e3 Nf6 3. c4 e6 4. Nc3 Be7 5. Nf3 O-O 6. Be2 Nbd7 7. O-O c5 8. Qc2 a6 9. b3 Rb8 10. Bb2 Qa5
11. a4 dxc4 12. Bxc4 cxd4 13. Nxd4 Bc5 14. Na2 Bxd4 15. Bxd4 e5 16. b4 Qd8 17. Bc3 Nb6 18. Bd3 Qe7 19. e4 Nbd7 20. b5 Re8
21. Bb4 Qd8 22. Rad1 a5 23. Ba3 b6 24. Be2 Rb7 25. Nc3 Rc7 26. Qb2 g5 27. Bg4 h5 28. Bf5 Re6 29. Bxe6 fxe6 30. Qd2 g4
31. f3 gxf3 32. Rxf3 Qe8 33. Rg3+ Kh7 34. Qg5 Qg8 35. Qe3 Qf7 36. Bc1 Kh8 37. Rf3 Qh7 38. Ne2 Ng4 39. Qb3 Ndf6 40. Rd8+ Ng8
41. Rff8 Nf6 42. Rxc8 Rxc8 43. Rxc8 Qxe4 44. Qe3 Qg6 45. Qh6+
1-0

[Event "Easter Tournament 2008"]
[Site "SchemingMind.com"]
[Date "2008.05.13"]
[Round "-"]
[White "Quanah4"]
[Black "Shanks"]
[Result "1/2-1/2"]
[WhiteCountry "USA"]
[BlackCountry "ENG"]
[WhiteElo "1585"]
[WhiteRD "75"]
[BlackElo "1409"]
[BlackRD "66"]
[GameID "154230"]

1. d4 Nf6 2. c4 d6 3. Nf3 c6 4. e3 Qc7 5. Nc3 h6 6. Be2 e6 7. O-O Be7 8. b3 O-O 9. Qc2 e5 10. Bb2 exd4
11. exd4 Re8 12. Rfe1 Bf8 13. Rad1 Bg4 14. h3 Bh5 15. a3 d5 16. c5 Bg6 17. Qc1 Ne4 18. Nxe4 Bxe4 19. Nd2 Bh7 20. Nf3 Nd7
21. b4 Nf6 22. Bd3 Rxe1+ 23. Nxe1 Bxd3 24. Nxd3 a6 25. a4 a5 26. Qc2 axb4 27. Nxb4 b6 28. Nd3 b5 29. axb5 cxb5 30. Nb4 Re8
31. Qb3 Qc8 32. Nxd5 Nxd5 33. Qxd5 b4 34. Qb3 Qb8 35. Rb1 Rc8 36. Bc1 Re8 37. Bd2 Re7 38. Qxb4 Qe8 39. Be3 g6 40. Qd2 g5
41. g4 Bg7 42. Qb4 Qf8 43. Qd2 Re8 44. Rb3 f6 45. d5 Qf7 46. Qd1 Re5 47. Rd3 f5 48. gxf5 Rxf5 49. d6 Qd7 50. Bd4 Bxd4
51. Rxd4 Rxc5 52. Qb3+ Kg7 53. Qb2 Kh7 54. Qb1+ Kg7 55. Qb2 Kh7 56. Qe2 Rc1+ 57. Kg2 Rc8 58. Qe7+ Qxe7 59. dxe7 Re8= 60. Re4 Kg7
61. Kg3 h5 62. f4 h4+ 63. Kg4 gxf4 64. Kxf4 Kf7 65. Kg4 Rxe7 66. Rxe7+ Kxe7 67. Kxh4 Kf6 68. Kh5 Kg7 69. Kg5 Kh7 70. h4 Kg7
71. h5 Kf7 72. Kh6 Kg8 73. Kg6 Kh8 74. h6 Kg8 75. h7+ Kh8 76. Kh6
1/2-1/2

[Event "Easter Tournament 2008"]
[Site "SchemingMind.com"]
[Date "2008.05.10"]
[Round "-"]
[White "Quanah4"]
[Black "mmccaffe"]
[Result "1-0"]
[WhiteCountry "USA"]
[BlackCountry "USA"]
[WhiteElo "1601"]
[WhiteRD "75"]
[BlackElo "1606"]
[BlackRD "57"]
[GameID "154231"]

1. d4 Nf6 2. c4 c5 3. d5 e6 4. Bg5 Qa5+ 5. Bd2 Qd8 6. Nc3 exd5 7. cxd5 d6 8. e4 g6 9. Nf3 Bg7 10. Be2 O-O
11. O-O Bg4 12. h3 Bxf3 13. Bxf3 Na6 14. a3 Nc7 15. Qc2 b5 16. b3 Nd7 17. Rfe1 Ne5 18. Be2 a6 19. f4 Nd7 20. Rac1 Re8
21. Bf3 Nb6 22. Be3 Rc8 23. b4 Nd7 24. Bg4 Rb8 25. Bf3 cxb4 26. axb4 Rc8 27. Qd2 Na8 28. Bd4 Bxd4+ 29. Qxd4 Qb6 30. Qxb6 Naxb6
31. Bg4 h5 32. Bf3 Nc4 33. Be2 Ndb6 34. Bf3 Rc7 35. Rc2 Rce7 36. Ra2 Ra8 37. Rea1 Rc7 38. Be2 Na4 39. Nxa4 bxa4 40. Rxa4
1-0

[Event "Easter Tournament 2008"]
[Site "SchemingMind.com"]
[Date "2008.05.09"]
[Round "-"]
[White "marble"]
[Black "Quanah4"]
[Result "1-0"]
[WhiteCountry "ENG"]
[BlackCountry "USA"]
[WhiteElo "1644"]
[WhiteRD "55"]
[BlackElo "1601"]
[BlackRD "75"]
[GameID "154232"]

1. e4 c5 2. Nf3 g6 3. d4 cxd4 4. Qxd4 f6 5. Be3 Nc6 6. Qd2 Bg7 7. c3 e5 8. Bc4 Nge7 9. Na3 a6 10. O-O b5
11. Bd5 Nxd5 12. exd5 Ne7 13. d6 Nf5 14. c4 Nxe3 15. Qxe3 bxc4 16. Nxc4 O-O 17. Qd2 Bb7 18. Qd1 Bc6 19. b4 Bb5 20. Qd5+ Kh8
21. Rfe1 Bc6 22. Qc5 Rc8 23. Nb6 Rb8 24. Nc4 Rb5 25. Qe3 Rxb4 26. Nfd2 Re8 27. Qa3 Rb8 28. Na5 Bd5 29. Rad1 Bf8 30. Nb1 Bf7
31. h3 Rb6 32. Rd3 Bxd6 33. Rxd6 Rxd6 34. Nb7 Qe7 35. Nxd6 Rb8 36. Nxf7+ Qxf7 37. Qxa6 Qg8 38. Qxf6+ Qg7 39. Qd6 Re8 40. Nc3 Qf7
41. a4 Re6 42. Qc7 Qe8 43. Ne4 d5 44. Rb1 Re7 45. Qd6 Qf7 46. Ng5 Qf6 47. Qxf6+
1-0

[Event "Easter Tournament 2008"]
[Site "SchemingMind.com"]
[Date "2008.05.10"]
[Round "-"]
[White "tacticrules"]
[Black "Quanah4"]
[Result "0-1"]
[WhiteCountry "GER"]
[BlackCountry "USA"]
[WhiteElo "1513"]
[WhiteRD "71"]
[BlackElo "1624"]
[BlackRD "76"]
[GameID "154233"]

1. e4 c5 2. Nf3 g6 3. d4 cxd4 4. Nxd4 Bg7 5. c4 e6 6. Nc3 Ne7 7. Be3 d5 8. cxd5 exd5 9. exd5 Nxd5 10. Bb5+ Nc6
11. Qa4 Nxe3 12. Nxc6 Nxg2+ 13. Kf1 Ne3+ 14. fxe3 Qf6+ 15. Ke2 O-O 16. Rhf1 Qg5 17. Na5 Qh5+ 18. Ke1 Bh3 19. Be2 Qg5 20. Rf4 Qg1+
21. Kd2 Rad8+ 22. Kc2 Qxe3 23. Rd1 Bxc3 24. Rxd8 Qxe2+ 25. Kxc3 Rxd8 26. Nc4 Rd3+ 27. Kb4 Qe7+ 28. Kb5 Bd7+
0-1

[Event "Easter Tournament 2008"]
[Site "SchemingMind.com"]
[Date "2008.05.14"]
[Round "-"]
[White "Shanks"]
[Black "Quanah4"]
[Result "1-0"]
[WhiteCountry "ENG"]
[BlackCountry "USA"]
[WhiteElo "1407"]
[WhiteRD "67"]
[BlackElo "1575"]
[BlackRD "73"]
[GameID "154234"]

1. d4 d5 2. e3 e6 3. c3 Nf6 4. Nf3 c5 5. b3 Nc6 6. Bb2 Be7 7. dxc5 Bxc5 8. b4 Be7 9. a4 O-O 10. b5 Na5
11. Be2 b6 12. O-O Nb7 13. Ba3 Bd7 14. Bxe7 Qxe7 15. c4 dxc4 16. Bxc4 Rac8 17. Bd3 Rfe8 18. Ne5 Nc5 19. Nxd7 Nfxd7 20. Be2 Red8
21. Nd2 Nf6 22. Qe1 Rd6 23. Nc4 Rd7 24. Ne5 Rdd8 25. Nc6 Qc7 26. Nxd8 Rxd8 27. Rc1 Qb8 28. Rd1 Re8 29. Bf3 Nxa4 30. e4 Nc5
31. e5 Nfd7 32. Bc6 Re7 33. g3 Nxe5 34. Bg2 f6 35. Kh1 Nf7 36. f4 Nd6 37. Rf2 Nxb5 38. Rfd2 Re8 39. Qf1 Nc7 40. Bc6 Rf8
41. Bg2 f5 42. Bf3 g6 43. Kg2 a5 44. Qe1 b5 45. Qe5 Qb6 46. Rd6 Qa7 47. Rc6 Rf7 48. Rd8+ Rf8 49. Rxf8+ Kxf8 50. Qh8+ Ke7
51. Qxh7+ Kd8 52. Rd6+ Kc8 53. Qg8+ Ne8 54. Qxe8+ Kc7 55. Qd8#
1-0

[Event "Easter Tournament 2008"]
[Site "SchemingMind.com"]
[Date "2008.05.10"]
[Round "-"]
[White "mmccaffe"]
[Black "Quanah4"]
[Result "1-0"]
[WhiteCountry "USA"]
[BlackCountry "USA"]
[WhiteElo "1606"]
[WhiteRD "57"]
[BlackElo "1601"]
[BlackRD "75"]
[GameID "154235"]

1. Nf3 c5 2. c4 g6 3. g3 Bg7 4. Nc3 e6 5. Bg2 Ne7 6. O-O O-O 7. d4 cxd4 8. Nxd4 d5 9. cxd5 exd5 10. Bg5 h6
11. Bf4 Bxd4 12. Qxd4 Nbc6 13. Qd1 Kg7 14. Qd2 g5 15. Be3 Be6 16. Rfd1 a6 17. Nxd5 Nxd5 18. Bxd5 Qe7 19. Bxe6 Qxe6 20. Bd4+ f6
21. Qe3 Rae8 22. Qxe6 Rxe6 23. e3 Rfe8 24. Rac1 Kg6 25. Bc5 Ne5 26. Kg2 f5 27. Rd6 Rxd6 28. Bxd6 Nf7 29. Ba3 Re7 30. Bxe7 b5
31. Rc6+ Kg7 32. Rxa6 g4 33. Rb6 h5 34. Rxb5 Kg6 35. Rb6+ Kg7 36. a4 Ne5 37. a5 Nd7 38. Rb7 Ne5 39. Bd6+ Nf7 40. a6 Kf6
41. Rxf7+ Kxf7 42. a7 Ke6 43. Bf4 Kd5 44. a8=Q+ Kc5 45. Qa5+ Kc4 46. b4 Kd3 47. Qd5+ Kc3 48. Qc5+ Kb3 49. b5 Ka4 50. b6 Kb3
51. b7 Kb2 52. b8=Q+ Ka2 53. Qa5#
1-0

[Event "Easter Tournament 2008"]
[Site "SchemingMind.com"]
[Date "2008.05.12"]
[Round "-"]
[White "ingbeti"]
[Black "marble"]
[Result "0-1"]
[WhiteCountry "MEX"]
[BlackCountry "ENG"]
[WhiteElo "1441"]
[WhiteRD "108"]
[BlackElo "1644"]
[BlackRD "58"]
[GameID "154577"]

1. e4 c5 2. Nc3 d6 3. g3 Nc6 4. Bg2 g6 5. d3 Bg7 6. f4 b6 7. Nf3 Bb7 8. Be3 Nf6 9. Qd2 Ng4 10. O-O-O O-O
11. h3 Bxc3 12. bxc3 Nxe3 13. Qxe3 e6 14. Rhe1 Qf6 15. d4 cxd4 16. Nxd4 e5 17. fxe5 dxe5 18. Nxc6 Bxc6 19. Rf1 Qe6 20. Kb2 Be8
21. g4 f6 22. Qd3 Bf7 23. Qd5 Qc8 24. Qd6 Qc4 25. Qa3 a5 26. Rxf6 b5 27. Qb3 Qe2 28. Rxf7 Rxf7 29. Rd7 Rf8 30. Bh1 Qf1
31. Rb7 Qxh1 32. Qxb5 Qxe4 33. Rb8 Kg7 34. Rxf8 Kxf8 35. Qxa5 Qe3 36. Qd8+ Kg7 37. Qd5 Qb6+ 38. Qb3 Qa7 39. Qd5 Qb6+
0-1

[Event "Easter Tournament 2008"]
[Site "SchemingMind.com"]
[Date "2008.05.12"]
[Round "-"]
[White "ingbeti"]
[Black "tacticrules"]
[Result "1/2-1/2"]
[WhiteCountry "MEX"]
[BlackCountry "GER"]
[WhiteElo "1441"]
[WhiteRD "108"]
[BlackElo "1530"]
[BlackRD "71"]
[GameID "154578"]

1. e4 d6 2. d4 Nf6 3. Nc3 g6 4. f4 Bg7 5. Nf3 Nbd7 6. Bd3 c5 7. dxc5 Nxc5 8. Bb5+ Bd7 9. Bxd7+ Qxd7 10. Be3 Ncxe4
11. Nxe4 Nxe4 12. Qd5 Nf6 13. Qb3 O-O 14. O-O-O b5 15. Rd4 Ng4 16. Rd3 a5 17. h3 a4 18. Qb4 Nxe3 19. Rxe3 Rfc8 20. g4 Rc4
21. Qd2 Rxf4 22. Rhe1 e6 23. Nh2 Rc4 24. a3 Bh6 25. Qg2 Bxe3+ 26. Rxe3 Rac8 27. Re2 b4 28. axb4 Rxb4 29. c3 a3 30. Kb1 Rbb8
31. Ka2 axb2 32. Rxb2 Ra8+ 33. Kb3 Rcb8+ 34. Kc2 Qa4+ 35. Kd3 Qa6+ 36. Kc2 Qa4+ 37. Kd3 Qa6+ 38. Kc2 Qa4+ 39. Kd3=
1/2-1/2

[Event "Easter Tournament 2008"]
[Site "SchemingMind.com"]
[Date "2008.05.12"]
[Round "-"]
[White "ingbeti"]
[Black "Quanah4"]
[Result "0-1"]
[WhiteCountry "MEX"]
[BlackCountry "USA"]
[WhiteElo "1553"]
[WhiteRD "87"]
[BlackElo "1627"]
[BlackRD "77"]
[GameID "154579"]

1. e4 c5 2. Nc3 g6 3. g3 Bg7 4. Bg2 e6 5. Nf3 Ne7 6. O-O O-O 7. d4 cxd4 8. Nxd4 Nbc6 9. Be3 d5 10. exd5 exd5
11. Nxc6 bxc6 12. Bd4 Bxd4 13. Qxd4 Nf5 14. Qc5 Bb7 15. Rad1 Rc8 16. Rfe1 a6 17. Na4 Re8 18. Qb6 Qxb6 19. Nxb6 Rcd8 20. Rxe8+ Rxe8
21. Nd7 Kg7 22. Bh3 Nd6 23. Nc5 f5 24. Nxb7 Nxb7 25. b4 Rd8 26. c3 a5 27. a3 axb4 28. axb4 Nd6 29. Bf1 Rb8 30. Ra1 Rb7
31. Ra6 Ne4 32. Rxc6 Ra7 33. b5 Ra1 34. b6 Nd2 35. b7 Rxf1+ 36. Kg2 Rb1 37. Rc7+ Kh6 38. f4 Ne4 39. Kf3 Nd6 40. Rd7 Nxb7
41. Rxd5 Rb3 42. Rd3 Nc5 43. Re3 Ne4 44. c4 Rxe3+ 45. Kxe3 Kh5 46. h3 h6 47. Kd4 g5 48. fxg5 hxg5 49. c5 Nxc5 50. Kxc5 f4
51. gxf4 gxf4 52. Kd4 Kh4 53. Ke4 Kg3
0-1

[Event "Easter Tournament 2008"]
[Site "SchemingMind.com"]
[Date "2008.05.14"]
[Round "-"]
[White "ingbeti"]
[Black "mmccaffe"]
[Result "1-0"]
[WhiteCountry "MEX"]
[BlackCountry "USA"]
[WhiteElo "1553"]
[WhiteRD "87"]
[BlackElo "1614"]
[BlackRD "52"]
[GameID "154581"]

1. e4 c5 2. Nc3 e6 3. g3 Nc6 4. Bg2 a6 5. d3 d6 6. f4 Qc7 7. Nf3 Nf6 8. O-O Be7 9. Be3 O-O 10. e5 dxe5
11. fxe5 Nxe5 12. Nxe5 Qxe5 13. Bf4 Qd4+ 14. Kh1 Qd8 15. Ne4 Nxe4 16. Bxe4 Rb8 17. Bxb8
1-0

[Event "Easter Tournament 2008"]
[Site "SchemingMind.com"]
[Date "2008.05.13"]
[Round "-"]
[White "marble"]
[Black "ingbeti"]
[Result "1/2-1/2"]
[WhiteCountry "ENG"]
[BlackCountry "MEX"]
[WhiteElo "1679"]
[WhiteRD "56"]
[BlackElo "1553"]
[BlackRD "87"]
[GameID "154582"]

1. e4 c5 2. Nf3 e6 3. d4 cxd4 4. Nxd4 Nf6 5. Nc3 Nc6 6. Ndb5 d6 7. Bf4 e5 8. Bg5 a6 9. Na3 Be7 10. Nc4 O-O
11. Bxf6 Bxf6 12. Nxd6 Nd4 13. Nc4 b5 14. Ne3 Be6 15. Ncd5 Rc8 16. Bd3 Bg5 17. c3 Bxe3 18. Nxe3 Nc6 19. O-O Na5 20. Qe2 Nc4
21. Rfd1 Nxe3 22. Qxe3 Qc7 23. a3 Bc4 24. Bc2 Rcd8 25. b3 Rxd1+ 26. Bxd1 Be6 27. b4 f5 28. exf5 Bxf5 29. Bb3+ Kh8 30. a4 Rc8
31. Rc1 bxa4 32. Bxa4 Bd7 33. Bd1 Bb5 34. Bg4 Bd7 35. Bxd7 Qxd7 36. Qxe5 Qd2 37. Re1 h6 38. Kf1 Rxc3 39. Qe8+ Kh7 40. Qe4+ Kh8
41. Qb1 Rc2 42. Re8+ Kh7 43. Rf8 Qd3+ 44. Kg1 Qb3 45. Qe1 Qxb4 46. Qd1 Qd2 47. Qxd2 Rxd2 48. g3 Rd6 49. Rf5 g5 50. Kg2 Kg6
51. Rc5 Kf6 52. Kf3 h5 53. Kg2 Re6 54. h3 Re5 55. Rc6+ Re6 56. Rc5 Re5 57. Rc6+ Re6=
1/2-1/2

[Event "Easter Tournament 2008"]
[Site "SchemingMind.com"]
[Date "2008.05.13"]
[Round "-"]
[White "tacticrules"]
[Black "ingbeti"]
[Result "0-1"]
[WhiteCountry "GER"]
[BlackCountry "MEX"]
[WhiteElo "1530"]
[WhiteRD "71"]
[BlackElo "1441"]
[BlackRD "108"]
[GameID "154583"]

1. e4 c5 2. Nf3 e6 3. d4 cxd4 4. Nxd4 Nf6 5. Nc3 Nc6 6. Be2 d6 7. Be3 Be7 8. Qd2 Nxd4 9. Qxd4 e5 10. Qd2 Be6
11. O-O-O O-O 12. f4 d5 13. exd5 Nxd5 14. fxe5 Nxe3 15. Qxe3 Bg5 16. Rxd8 Bxe3+ 17. Rd2 Bxd2+ 18. Kxd2 Rfd8+ 19. Ke3 Bf5 20. Ne4 Bxe4
21. Kxe4 Rd2 22. Bd3 Rxg2 23. Kf3 Rg5 24. Kf4 f6 25. exf6 gxf6 26. h4 Rg7 27. Kf5 a6 28. Kxf6 Rf8+ 29. Ke5 Rf3 30. Be4 Re7+
31. Kd4 Rf4 32. Rg1+ Kf8 33. Re1 Rxh4 34. c3 Rh2 35. Rb1 Re2 36. Bxh7 Rxh7
0-1

[Event "Easter Tournament 2008"]
[Site "SchemingMind.com"]
[Date "2008.05.14"]
[Round "-"]
[White "Quanah4"]
[Black "ingbeti"]
[Result "1-0"]
[WhiteCountry "USA"]
[BlackCountry "MEX"]
[WhiteElo "1627"]
[WhiteRD "77"]
[BlackElo "1553"]
[BlackRD "87"]
[GameID "154584"]

1. d4 f5 2. c4 e6 3. e3 Nf6 4. Nc3 Be7 5. Nf3 d5 6. Be2 Nc6 7. O-O O-O 8. b3 a6 9. Qc2 Rb8 10. Bb2 Nb4
11. Qd2 b5 12. cxb5 axb5 13. Nxb5 Ba6 14. a3 Bxb5 15. Bxb5 Rxb5 16. axb4 Bxb4 17. Qc2 Ra5 18. Rac1 Rf7 19. Ne5 Re7 20. Nc6 Qd6
21. Nxe7+ Qxe7 22. Bc3 Bxc3 23. Qxc3 Ra7 24. Qd3 Ne8 25. Ra1 Rxa1 26. Rxa1 c5 27. dxc5 Qxc5 28. Rb1 Qb4 29. Qc2 Nd6 30. h3 Kf7
31. f3 d4 32. exd4 Qxd4+ 33. Qf2 Qd3 34. Qf1 Qd4+ 35. Kh1 g5 36. Qd1 Qb4 37. Qc1 Kf6 38. Qd1 h5 39. Rb2 Nc4 40. Qd4+ Kg6
41. Qxc4 Qe1+ 42. Kh2 Qe5+ 43. g3 Qxb2+ 44. Kg1 Qb1+ 45. Kf2 Qb2+ 46. Ke3 Qe5+ 47. Kf2 Qb2+ 48. Ke3 Kf6 49. Qd4+ Qxd4+ 50. Kxd4 e5+
51. Kd5 g4 52. hxg4 f4 53. gxh5 fxg3 54. h6 g2 55. h7 g1=Q 56. h8=Q+ Kf5 57. Qf8+
1-0

[Event "Easter Tournament 2008"]
[Site "SchemingMind.com"]
[Date "2008.05.15"]
[Round "-"]
[White "mmccaffe"]
[Black "ingbeti"]
[Result "0-1"]
[WhiteCountry "USA"]
[BlackCountry "MEX"]
[WhiteElo "1614"]
[WhiteRD "52"]
[BlackElo "1553"]
[BlackRD "87"]
[GameID "154586"]

1. e4 c5 2. Nf3 e6 3. b3 Nf6 4. d3 Nc6 5. g3 d6 6. Bg2 Be7 7. Bb2 O-O 8. Nbd2 Bd7 9. O-O e5 10. Qe2 b5
11. Ne1 a5 12. f4 Bg4 13. Qf2 Nd4 14. h3 Be2 15. Bxd4 Bxf1 16. fxe5 Bxg2 17. exf6 Bxf6
0-1

[Event "Easter Tournament 2008"]
[Site "SchemingMind.com"]
[Date "2008.05.17"]
[Round "-"]
[White "dtedesco"]
[Black "marble"]
[Result "1-0"]
[WhiteCountry "CAN"]
[BlackCountry "ENG"]
[WhiteElo "1466"]
[WhiteRD "55"]
[BlackElo "1644"]
[BlackRD "55"]
[GameID "155068"]

1. e4 c5 2. Nf3 g6 3. Bc4 Nc6 4. O-O Bg7 5. Re1 e6 6. Nc3 Nf6 7. d3 d6 8. Bf4 O-O 9. e5 dxe5 10. Nxe5 Nh5
11. Qd2 Nxe5 12. Bxe5 f6 13. Bf4 Re8 14. Bb5 Bd7 15. Bxd7 Qxd7 16. Ne4 Rac8 17. Nd6 Nxf4 18. Nxe8 Rxe8 19. Qxf4 e5 20. Qc4+ Kh8
21. Qxc5 b6 22. Qb4 Bf8 23. Qh4 Qc6 24. Re4 Be7 25. Rc4 Qd7 26. b4 f5 27. Qg3 Bf6 28. a4 e4 29. Rd1 a6 30. f3 exf3
31. Qxf3 b5 32. axb5 axb5 33. Rc6 Bd4+ 34. Kh1 Re3 35. Qf4 Qxc6 36. Qxd4+ Kg8 37. Qxe3 Qxc2 38. Ra1 Qc3 39. Ra8+ Kg7 40. Ra7+ Kf6
41. Ra6+ Kg7 42. Ra7+ Kf6 43. Qe7#
1-0